PUBLIC REGULATION OF BUSINESS (Record no. 22267)

MARC details
000 -LEADER
fixed length control field 00372nam a22001577a 4500
003 - CONTROL NUMBER IDENTIFIER
control field OSt
005 - DATE AND TIME OF LATEST TRANSACTION
control field 20211210112457.0
008 - FIXED-LENGTH DATA ELEMENTS--GENERAL INFORMATION
fixed length control field 211210b |||||||| |||| 00| 0 eng d
020 ## - INTERNATIONAL STANDARD BOOK NUMBER
International Standard Book Number 05546
040 ## - CATALOGING SOURCE
Transcribing agency 658
100 ## - MAIN ENTRY--PERSONAL NAME
Personal name PEGRUM DUDLEY
9 (RLIN) 22629
245 ## - TITLE STATEMENT
Title PUBLIC REGULATION OF BUSINESS
260 ## - PUBLICATION, DISTRIBUTION, ETC.
Place of publication, distribution, etc. ADDIS ABEBA
Name of publisher, distributor, etc. ETHIOPIA
Date of publication, distribution, etc. 1965
300 ## - PHYSICAL DESCRIPTION
Extent 765
942 ## - ADDED ENTRY ELEMENTS (KOHA)
Source of classification or shelving scheme Dewey Decimal Classification
Koha item type Books like text book referance book
Suppress in OPAC No
Holdings
Withdrawn status Lost status Source of classification or shelving scheme Damaged status Not for loan Home library Current library Shelving location Date acquired Total Checkouts Full call number Barcode Date last seen Copy number Price effective from Koha item type
    Dewey Decimal Classification     College of Business and Economics Library College of Business and Economics Library General Stacks 12/10/2021   658/PEG MBELIB00004219 12/10/2021 1 12/10/2021 Books like text book referance book